000 01142nji a22002777a 4500
005 20100906150737.0
006 a|||||r|||||00| 0
007 sd ammalaaahaa
008 100830t xxu||||| |||| 00| 0 eng d
028 _aN 53660
_bHis Master's Voice
035 _aGR-919
040 _aSED
_cSED
100 _917455
245 _aPyar ki pyas /
_cby Lata Mangeshkar..[et.al]
_h[sound recording] :
246 _aप्यार की प्यास / लता मंगेशकर द्वारा
260 _aDum Dum, India
_bHis Master's Voice
300 _a1 sound disc [Gramophone Recording]:
_banalog, 33 1/3 rpm
_c9.5 in. (MP)
_fGramophone Record
500 _aBrief Record
505 _aSide-1 मेरी गोदी मैं गोपाला (Meri godi mein gopala) (Lata Mangeshkar) --Side-2 चंदा ढले पंखा झले (Chanda dhale pankha jhale) (Lata Mangeshkar)
650 _aClassical music
_zIndia
_91186
_xExcerpts
700 _917416
700 _917456
700 _918531
942 _2ddc
_cGR
999 _c44053
_d44053